Southville International School and Colleges
Your cart is empty.
  • Cart
  • Lists
    Public lists Eva Luna New books Lux_list list_1
    Your lists Log in to create your own lists
  • Log in to your account
  • Your cookies
  • Search history
Southville International School and Colleges
  • Advanced search
  • Recent comments
  • Most popular
  • Libraries

Log in to your account

Log in with GOOGLE


If you do not have an external account, but do have a local account, you can still log in:

  1. Home
  2. MARC view: Physical education unit plans for grades 1-2 :
Normal view MARC view ISBD view

Physical education unit plans for grades 1-2 : (Record no. 103982)

[ view plain ]
MARC details
000 -LEADER
fixed length control field 00734nam a2200193 a 4500
005 - DATE AND TIME OF LATEST TRANSACTION
control field 20140412111311.0
008 - FIXED-LENGTH DATA ELEMENTS--GENERAL INFORMATION
fixed length control field 010329s19uu xx 00 eng d
020 ## - INTERNATIONAL STANDARD BOOK NUMBER
International Standard Book Number 0-87322-782-4
050 ## - LIBRARY OF CONGRESS CALL NUMBER
Classification number TR(GS 372.86
Item number L63 1997
245 ## - TITLE STATEMENT
Title Physical education unit plans for grades 1-2 :
Remainder of title learning experiences in games, gymnastics, and dance /
Statement of responsibility, etc Bette J. Logsdon . . . [et.al].
250 ## - EDITION STATEMENT
Edition statement 2nd Ed.
260 ## - PUBLICATION, DISTRIBUTION, ETC. (IMPRINT)
Place of publication, distribution, etc Champaign. Ill :
Name of publisher, distributor, etc Human Kinetics,
Date of publication, distribution, etc 1997.
300 ## - PHYSICAL DESCRIPTION
Extent vii p. ; 162 p.
500 ## - GENERAL NOTE
General note Includes bibliographical references
650 ## - SUBJECT ADDED ENTRY--TOPICAL TERM
Topical term or geographic name as entry element Physical education for children - Curricula
650 ## - SUBJECT ADDED ENTRY--TOPICAL TERM
Topical term or geographic name as entry element Physical education and training - study and teaching (Primary) - curricula
650 ## - SUBJECT ADDED ENTRY--TOPICAL TERM
Topical term or geographic name as entry element Curriculum planning
Holdings
Withdrawn status Lost status Damaged status Home library Current library Shelving location Date acquired Source of acquisition Cost, normal purchase price Total Checkouts Full call number Barcode Date last seen Price effective from Koha item type
      Elizalde Library Elizalde Library Teachers Reference Section 03/29/2001   1550.00   TR(GS 372.86 L63 1997 E6207 04/12/2014 04/12/2014 Books

Physical education unit plans for grades 1-2 :

APA

(1997). Physical education unit plans for grades 1-2. Champaign. Ill: Human Kinetics.

Chicago

1997. Physical education unit plans for grades 1-2. Champaign. Ill: Human Kinetics.

Harvard

(1997). Physical education unit plans for grades 1-2. Champaign. Ill: Human Kinetics.

MLA

Physical education unit plans for grades 1-2. Champaign. Ill: Human Kinetics. 1997.

  • Place hold
  • Print
  • Cite
  • Add to your cart (remove)
  • Save record
    BIBTEX Dublin Core MARCXML MARC (non-Unicode/MARC-8) MARC (Unicode/UTF-8) MARC (Unicode/UTF-8, Standard) MODS (XML) RIS
  • More searches
    Search for this title in:
    Other Libraries (WorldCat) Other Databases (Google Scholar) Online Stores (Bookfinder.com) Open Library (openlibrary.org)

Exporting to Dublin Core...

SOUTHVILLE LIBRARY

Southville International School and Colleges Library

1281 Tropical Ave. Cor. Luxembourg St., BF Homes International, Las Pinas City

Tel. No. 8256374 / 252358 Loc. 117/146

Powered by Koha